000 01035cam a2200217 4500
001 WB3814-16
008 020418n2002 000 0 eng u
035 _a(Sirsi) u117571
245 _aStamp duty on UK land and buildings
260 _c2002
490 _aInland Revenue Press Release
_v 17 April 2002, (5)
520 _aIn the budget the chancellor announced measures to tackle avoidance of stamp duty on commercial property transactions and a modernisation of stamp duty on land and buildings in the UK. The Finance Bill 2002 will include legislation to discourage a range of techniques used to avoid stamp duty on high-value property deals. For Inland Revenue Press Release: http://www.nds.coi.gov.uk/coi/coipress.nsf/1da827e79df1aaf98025673500583789/74983e0d937e894880256b9e00582385?OpenDocument
590 _aWB
650 _aSTAMP DUTY
650 _aPROPERTY-COMMERCIAL PROPERTY
650 _aFINANCE BILL 2002
650 _aBUDGET 2002
650 _aHOMEBUYERS
690 _aHOUSING-HOUSING FINANCE
942 _n0
999 _c70013
_d70013